000 00402nam a22001577a 4500
003 OSt
005 20260123104815.0
008 260123b |||||||| |||| 00| 0 eng d
020 _a039304162X
040 _cW. W. Norton & Company, Inc
050 _aDF 77 .H36 1943
245 _aGreek Way
_cHamilton, Edith
250 _a1st ed
260 _aUSA
_bW. W. Norton & Company, Inc
_c1943
942 _2ddc
_cBK
_n0
999 _c9903
_d9903